000 00673nam a2200241Ia 4500
003 OSt
005 20220928115301.0
006 a|||||r|||| 00| 0
007 ta
008 220927b |||||||| |||| 00| 0 eng d
024 _a126304
037 _bGift, 06/01/2015,
_cTextual
040 _aSDCL
_cSDCL
_beng
041 _2eng
_aeng
082 _aB3, Q4
100 _aGarling D.J.H
245 0 _aCourse in mathematical analysis ( Volume III)
260 _aNew Delhi
_bCambridghe University Press
_c2015
300 _ax;627-939
_ccm.
650 _aGift
_9391569
942 _hB3, Q4
_cTEXL
_2CC
999 _c758796
_d758796